| 000 | 00000nam##2200000za#4500 |
| 001 | 9.681449 |
| 003 | CaOODSP |
| 005 | 20200330070919 |
| 007 | ta |
| 008 | 150407|2001||||xxc||||| f|0| 0 fre|d |
| 020 | |a0-662-85629-5 |
| 040 | |aCaOODSP|bfre |
| 043 | |an-cn--- |
| 086 | 1 |aE2-229/2000F |
| 110 | 1 |aCanada.|bAffaires étrangères et Commerce international. |bCentre canadien pour le développement de la politique étrangère. |
| 245 | 10|aLes Enterprises canadiennes et la consolidation de la paix / |cpar Jean-François Rioux, Francisco-José Valiente et Christian Geiser |
| 260 | |aOttawa - Ontario : |bAffaires étrangères et Commerce international. |c2001. |
| 300 | |a19p. : |bréférences ; |c28 cm. |
| 563 | |aCouverture souple |
| 590 | |a02-24|b2002-06-14 |
| 691 | 07|aEntreprise|2gcpds |
| 691 | 07|aPaix|2gcpds |
| 691 | 07|aPolitique étrangère|2gcpds |
| 691 | 07|aRésolution de conflit|2gcpds |
| 720 | 1 |aRioux, Jean-François |
| 720 | 1 |aValiente, Francisco-José |
| 720 | 1 |aGeiser, Christian |
| 776 | 0#|tLes entreprises canadiennes et la consolidation de la paix (le 31 octobre 2000, Montréal) / |w(CaOODSP)9.630583 |